00845nam a2200253 a 4500001000900000005001700009008004100026020001500067041000800082044000700090050002100097100002600118245010600144260002400250300003200274500003200306650003300338650003800371700003000409700002600439942001100465999001300476952010200489BRCA_57420190320203053.0171005s1990----sp-a---###---#000-0#spa-d a8476300050 aspa asp 4aGT513b.R33 19901 aRacinet, Albert9198010aHistoria del vestidocAlbert Racinet ; traducción Manuel Franco ; introducción de Aileen Ribeiro. aMadridbLibsac1990 a320 p.bil. a colorc32 cm. aIncluye índice temático14aIndumentariaxHistoria9198114aPrendas de vestirxHistoria919821 aFranco, Manueletr.919831 aRibeiro, Aileen91984 2lcccB c504d504 00104070aBRCAbBRCAd2008-06-25l0oGT513 .R33 1990p00891r2019-03-22 00:00:00w2019-03-22yB